Một số bài tập đại số cấp ba dùng cho ôn tập
Wedi'i Gadw mewn:
| Prif Awdur: | |
|---|---|
| Fformat: | Llyfr |
| Iaith: | Undetermined |
| Cyhoeddwyd: |
Hà Nội
Giáo dục
1978
|
| Pynciau: | |
| Tagiau: |
Ychwanegu Tag
Dim Tagiau, Byddwch y cyntaf i dagio'r cofnod hwn!
|
| Thư viện lưu trữ: | Trung tâm Học liệu Trường Đại học Cần Thơ |
|---|
| LEADER | 00542nam a2200181Ia 4500 | ||
|---|---|---|---|
| 001 | CTU_1117 | ||
| 008 | 210402s9999 xx 000 0 und d | ||
| 082 | |a 510.076 | ||
| 082 | |b A107 | ||
| 100 | |a Lê Chung Anh | ||
| 245 | 0 | |a Một số bài tập đại số cấp ba dùng cho ôn tập | |
| 245 | 0 | |c Lê Chung Anh | |
| 260 | |a Hà Nội | ||
| 260 | |b Giáo dục | ||
| 260 | |c 1978 | ||
| 650 | |a mathematics - problems, exercises | ||
| 904 | |i Minh, 960810 | ||
| 980 | |a Trung tâm Học liệu Trường Đại học Cần Thơ | ||